Formovanie prerozdeľovacích dôchodkových tokov v období transformácie ekonomiky SR

Salvato in:
Dettagli Bibliografici
Autore principale: Hajnovičová, Viera
Natura: Libro
Lingua:slovacco
Pubblicazione: Bratislava Prognostický ústav SAV 1997
Edizione:1. vyd.
Serie:Pracovné materiály č.5
Soggetti:
Tags: Aggiungi Tag
Nessun Tag, puoi essere il primo ad aggiungerne!!

MARC

LEADER 00000nam a2200000 4500
001 c021781
005 20250509104000.7
041 0 |a slo 
044 |a SK 
245 1 0 |a Formovanie prerozdeľovacích dôchodkových tokov v období transformácie ekonomiky SR  |c Viera Hajnovičová 
250 |a 1. vyd. 
264 1 |a Bratislava  |b Prognostický ústav SAV  |c 1997 
300 |a 30 s. 
490 1 |a Pracovné materiály  |v č.5 
830 0 |a Pracovné materiály  |v č.5 
610 2 0 |a dôchodok národný 
610 2 0 |a transformácia 
610 2 0 |a Slovensko 
610 2 0 |a hospodárstvo národné 
610 2 0 |a účtovníctvo 
610 2 0 |a tvorba dôchodku národného 
100 1 |a Hajnovičová, Viera